LEADER 01031nam a22002531i 4500 001 991000333269707536 005 20031207205607.0 008 040204s1988 it a||||||||||||||||ita 035 $ab12601160-39ule_inst 035 $aARCHE-060837$9ExL 040 $aDip. SSC$bita$cA.t.i. Arché s.c.r.l. Pandora Sicilia s.r.l. 082 04$a372.357 245 00$aEsperienze di biologia :$braccolta di lavori eseguiti a Scuola-citta Pestalozzi /$ca cura di Carla Grazzini Hoffmann 260 $aScandicci :$bLa nuova Italia,$c1988 300 $aVI, 188 p. :$bill. ;$c21 cm 440 0$aDidattica viva.$pGuide per la scuola di base ;$v11 650 4$aBiologia$xInsegnamento$xScuola elementare 700 1 $aGrazzini Hoffmann, Carla 907 $a.b12601160$b02-04-14$c12-02-04 912 $a991000333269707536 945 $aLE021 DI1A11$g1$iLE021N-3875$lle021$o-$pE0.00$q-$rl$s- $t0$u0$v0$w0$x0$y.i13081998$z12-02-04 996 $aEsperienze di biologia$9277717 997 $aUNISALENTO 998 $ale021$b12-02-04$cm$da $e-$fita$git $h0$i1 LEADER 01914nam0 2200409 i 450 001 LO10522538 005 20251003044211.0 010 $a8883351029 020 $aIT$b2001-2322 100 $a20010918d2000 ||||0itac50 ba 101 | $aita 102 $ait 181 1$6z01$ai $bxxxe 182 1$6z01$an 200 1 $aˆUn ‰capitalismo bello e pericoloso$e[quinto rapporto sull'economia globale e l'Italia]$fMario Deaglio 210 $aMilano$cGuerini$d2000 215 $aXIII, 196 p.$d24 cm 300 $aNell'occhietto: Centro di ricerca e documentazione Luigi Einaudi; Lazard Vitale Borghesi & C. 606 $aEconomia mondiale$2FIR$3CFIC040544$9E 606 $aItalia$xEconomia$2FIR$3SBLC128980$9E 676 $a330.9049$9SITUAZIONI E CONDIZIONI ECONOMICHE. 1990-1999$v19 686 $aSe.i.14.2.1.1$cStoria dell'economia italiana. 1963-1975. Occupazione e disoccupazione$2F 686 $aSe.i.14.2.2.6$cStoria dell'economia italiana. 1963-1975. L'impresa$2F 696 $aEconomia reale$aAttività economiche$aAspetti economici 699 $aEconomia$yEconomia reale 699 $aEconomia$zAttività economiche 699 $aEconomia$zAspetti economici 700 1$aDeaglio$b, Mario$3CFIV073471$4070$0118101 801 3$aIT$bIT-000000$c20010918 850 $aIT-BN0095 $aIT-NA0457 901 $bNAP BI$cSALA 5 $nLibri da 4151 in poi 901 $bNAP 01$cPOZZO LIB.$nVi sono collocati fondi di economia, periodici di ingegneria e scienze, periodici di economia e statistica e altri fondi comprendenti documenti di economia pervenuti in dono. 912 $aLO10522538 950 0$aBiblioteca Centralizzata di Ateneo$c1 v.$d 01POZZO LIB.ECON MON 5717$e 0101 0000281765E VMA 1 v.$fB $h20210408$i20210408 977 $a 01$a BI 996 $aCapitalismo bello e pericoloso$9467172 997 $aUNISANNIO